Red imported fire ant (<Solenopsis invicta>) predation on cliff swallow (<Hirundo pyrrhonota>) nestlings in east-Central Texas (Registro nro. 11550)

Detalles MARC
000 -CABECERA
Campo de control 006900000a22002050004500
090 ## - CLASIFICACIÓN LOCAL
Colección AR
Consecutivo 02483
041 0# - IDIOMA
Código de idioma para texto/pista de sonido o título separado
100 1# - ASIENTO PRINCIPAL--NOMBRE PERSONAL
Nombre personal Sikes, Patricia J.
245 10 - MENCION DE TITULO
Título Red imported fire ant (<Solenopsis invicta>) predation on cliff swallow (<Hirundo pyrrhonota>) nestlings in east-Central Texas
650 14 - ASIENTO SECUNDARIO DE MATERIA - TERMINO TEMATICO
Término temático o nombre geográfico como elemento de entrada Hormigas
650 14 - ASIENTO SECUNDARIO DE MATERIA - TERMINO TEMATICO
Término temático o nombre geográfico como elemento de entrada Fuego
650 14 - ASIENTO SECUNDARIO DE MATERIA - TERMINO TEMATICO
Término temático o nombre geográfico como elemento de entrada Depredadores
650 14 - ASIENTO SECUNDARIO DE MATERIA - TERMINO TEMATICO
Término temático o nombre geográfico como elemento de entrada Coevolución
651 #4 - ASIENTO SECUNDARIO DE MATERIA - NOMBRE GEOGRAFICO
-- Texas
-- Estados Unidos
653 ## - TERMINO DE INDIZACION - NO CONTROLADO
-- Solenopsis
-- Solenopsis invicta
653 ## - TERMINO DE INDIZACION - NO CONTROLADO
-- Hirundo
-- Hirundo pyrrhonota
700 1# - ASIENTO SECUNDARIO - NOMBRE PERSONAL
Nombre personal Arnold, Keith A.
773 1# - Item fuente:
Título Southwestern Naturalist
Especificación de materiales 458
Descripción física 1
Paginas del Articulo 105-106
Lugar, editorial y fecha de publicación 1986
Información sobre la relación 31
942 ## - ELEMENTOS ADICIONALES (KOHA)
Tipo de ítem Artículo
Existencias
Withdrawn status Lost status Damaged status No para préstamo Colección Ubicación Permanente Ubicación actual Fecha de adquisición Fuente de Valor Datos de publicación Seriada Total Checkouts Número topográfico Inventario / Código de Barras Date last seen Ejemplar Price effective from Forma de adquisición Tipo de material
      No para Préstamo Hemeroteca Bogotá Bogotá 27/02/2015 Flórez, Camilo José Fuera de circulación   AR 02483 012892 25/03/2015 1 25/03/2015   Artículo